000 00280nam a22001217a 4500
008 180216b xxu||||| |||| 00| 0 eng d
041 _aeng
080 _a54
100 _a12
101 _aKIM
245 _aThe characterization of organic compounds
_cElvain.S.M
942 _2udc
_cBK
999 _c42748
_d42748